Annual report -1978 (Record no. 46383)
[ view plain ]
| 000 -LEADER | |
|---|---|
| fixed length control field | 00286nam a22001217a 4500 |
| 003 - CONTROL NUMBER IDENTIFIER | |
| control field | OSt |
| 008 - FIXED-LENGTH DATA ELEMENTS--GENERAL INFORMATION | |
| fixed length control field | 241014b |||||||| |||| 00| 0 eng d |
| 082 ## - DEWEY DECIMAL CLASSIFICATION NUMBER | |
| Classification number | 633.61 |
| Item number | S92A |
| 100 ## - MAIN ENTRY--PERSONAL NAME | |
| Personal name | Sugarcane Breeding Instt Coimbatore |
| 245 ## - TITLE STATEMENT | |
| Title | Annual report -1978 |
| 300 ## - PHYSICAL DESCRIPTION | |
| Extent | 137 |
| 942 ## - ADDED ENTRY ELEMENTS (KOHA) | |
| Source of classification or shelving scheme | |
| Koha item type | Periodicals |
| Withdrawn status | Lost status | Source of classification or shelving scheme | Damaged status | Not for loan | Home library | Current library | Date acquired | Total Checkouts | Full call number | Barcode | Date last seen | Bill Date | Koha item type |
|---|---|---|---|---|---|---|---|---|---|---|---|---|---|
| Dr. Rajendra Prasad Central Agricultural University Pusa, | Dr. Rajendra Prasad Central Agricultural University Pusa, | 14/10/2024 | 633.61 S92A | 31788 | 14/10/2024 | 14/10/2024 | Periodicals |